01006nam a22002537a 450000500170000001000130001702000230003003500130005303700160006604000120008208200160009410000270011024500890013726000390022627000610026530000260032650000400035265000300039265000400042294200250046299900190048795201270050695201190063320170124110227.0 aA-944121 c195.00a8186190589 aA-944121 bCen Lib/Ret aDPLbEN a796.07bKUT aKutty K, Suresh940883 aMental practice for school children through physical education /cby Suresh Kutty K. a DelhibSports publications c1988 b Delhie110052a474, Ist Floor, Shiv Market, Ashok Vihar a44p.:c21cm(Hb)bill. aIncludes bibliographical references aPhysical education922886 aMental practice xchildrens 940884 2ddccENh796.07mKUT c134494d134494 00104070aLbLd2015-07-30eCen Lib/Retg195.00l0o796.07 KUTpA-944121r2015-07-30 00:00:00t1v195.00w2015-07-30yEN 00102ddc4070aLbLd2016-11-01g195.00l0o796.07 KUTpA-944120r2016-11-01 00:00:00t2v195.00w2016-11-01yEN